000 01302cam a2200337 a 4500
001 17191398
003 PILC
005 20150302152743.0
008 120228s2013 pau 000 0 eng
010 _a 2012008461
020 _a9781451144703 (alk. paper)
035 _a(DNLM)101579155
040 _aDNLM/DLC
_cDLC
_dDLC
042 _apcc
050 0 0 _aRT 71
_b.G57 2013
060 1 0 _aWY 18
082 0 0 _a610.73076
100 1 _aGoldsworthy, Sandra,
_d1961-
245 1 0 _aSimulation simplified :
_bstudent lab manual for critical care nursing /
_cSandra Goldsworthy, Leslie Graham.
260 _aPhiladelphia :
_bWolters Kluwer/Lippincott Williams & Wilkins Health,
_cc2013.
300 _a55 pages :
_c28 cm.
505 0 _aIntroduction -- Setting the stage : making it real -- The art of unfolding the simulation scenario -- Debriefing and providing feedback : "making learning stick" -- Evaluation in simulation -- International perspectives on simulation and future directions.
521 _aNursing
650 1 2 _aEducation, Nursing
_xmethods.
650 2 2 _aComputer Simulation.
650 2 2 _aPatient Simulation.
700 1 _aGraham, Leslie,
_d1956-
906 _a7
_bcbc
_corignew
_d1
_eecip
_f20
_gy-gencatlg
942 _2lcc
_cBK
999 _c283684
_d283684